| 000 | 00502cam a2200193ua 4500 | ||
|---|---|---|---|
| 020 | _c14.00 | ||
| 041 |
_amal _h |
||
| 082 |
_a330.947 _bGUP/SO |
||
| 100 | _aGuptaman, M . | ||
| 245 |
_aSoviet unionte sampattika charitram / _cM Guptaman. _hTextual Documents |
||
| 250 |
_a1 / _b. |
||
| 260 |
_aThiruvananthapuram : _bState Instititute of Languages , _c1974. |
||
| 300 | _a429 ; . | ||
| 365 | _a14.00 | ||
| 504 | _a | ||
| 700 | 1 | _aAbdul , Rasheed . | |
| 942 | _cBK | ||
| 999 |
_c6052 _d6052 |
||